| 000 | 00000nam 2200000zi 4500 |
| 001 | 9.946594 |
| 003 | CaOODSP |
| 005 | 20250108071823 |
| 006 | m o d f |
| 007 | cr mn||||||||| |
| 008 | 250107e198002##onca obs f000 0 fre d |
| 040 | |aCaOODSP|bfre|erda|cCaOODSP |
| 043 | |an-cn--- |
| 045 | |ax6x7 |
| 086 | 1 |aId40-12/1980F-PDF |
| 245 | 00|aAnalyse sectorielle de l'industrie des produits d'hygiène au Canada. |
| 264 | 1|aOttawa, Canada : |bDivision de l'analyse sectorielle, Direction des produits chimiques, Industrie et commerce, |cfévrier 1980. |
| 300 | |a1 ressource en ligne (52 pages) : |billustration |
| 336 | |atexte|btxt|2rdacontent/fre |
| 337 | |ainformatique|bc|2rdamedia/fre |
| 338 | |aressource en ligne|bcr|2rdacarrier/fre |
| 500 | |aPublié aussi en anglais sous le titre : A sector analysis of the health care products industry in Canada. |
| 500 | |a« Document de travail » -- Coverture. |
| 500 | |aÉdition numérisée de l'imprimé [par Innovation, sciences et développement économique Canada]. |
| 504 | |aComprend des références bibliographiques. |
| 650 | 6|aIndustrie pharmaceutique|zCanada. |
| 650 | 6|aMédecine|xAppareils et instruments|xIndustrie|zCanada. |
| 650 | 6|aIndustrie pharmaceutique|zCanada|vStatistiques. |
| 650 | 6|aMédecine|xAppareils et instruments|xIndustrie|zCanada|vStatistiques. |
| 655 | 7|aStatistiques|2rvmgf |
| 710 | 1 |aCanada. |bIndustrie et commerce. |bDirection des produits chimiques. |bDivision de l'analyse sectorielle, |eorganisme de publication. |
| 775 | 08|tA sector analysis of the health care products industry in Canada.|w(CaOODSP)9.938565 |
| 856 | 40|qPDF|s875 Ko|uhttps://publications.gc.ca/collections/collection_2025/isde-ised/Id40-12-1980-fra.pdf |